| 000 | 00459nam a2200145 i 4500 | ||
|---|---|---|---|
| 001 | 30978 | ||
| 003 | ES-MaACL | ||
| 005 | 20230906154302.0 | ||
| 007 | t| | ||
| 008 | 030128s1894 gt ||||1| spa d | ||
| 100 | 1 |
_aBatres Jáuregui, Antonio. _926463 |
|
| 245 | 1 | 4 |
_aLos indios _b: su historia y su civilización / _cAntonio Batres Jáuregui. |
| 260 |
_aGuatemala : _b[s.n., _c1894] ( _fEst. Tip. La Unión) |
||
| 852 |
_aES-MaACL _jT-1475-F-4 |
||
| 999 |
_c30978 _d30978 |
||